00751nam a22001697a 4500003000900000008004100009040007100050082001500121100002000136245002200156260003200178300002600210505027600236650002000512650002200532700002700554AR-CdUCM190322b ||||| |||| 00| 0 spa d aMUNICIPALIDAD PROVINCIAL DEL CUSCOcBIBLIOTECA MUNICIPAL DEL CUSCO a514 /bT48 aThompson, J. E. aTrigonometría / aMexico :bU.T.E.H.A.c1950. a254 paginas ;c20 cm. aContenido :Ángulos, circunferencia y triángulos -- Triángulos, rectángulos y funciones trigonométricas -- Resoluciones de triángulos rectángulos -- Resoluciones de triángulos oblicuángulos -- Problemas en que intervienen triángulos oblicuángulos ... aTermodinámica aGeometría plana aOrtiz Vazquez, Ricardo